| 000 | 00945nam a22002897a 4500 | ||
|---|---|---|---|
| 001 | 3903 | ||
| 003 | FISKH | ||
| 005 | 20250127090226.0 | ||
| 008 | 240522b cb ||||| |||| 00| 0 eng d | ||
| 020 | _a9780545065863 | ||
| 040 |
_aFISKH _beng _cFISKH _dFISKH |
||
| 050 | _aQE29.C696 | ||
| 082 | _a551 | ||
| 100 |
_aLee , Quinlan B. _eauthor |
||
| 245 |
_aThe magic school bus : _bRides the Wind / _cby Quinlan B. Lee |
||
| 250 | _aFirst printing , September 2008 | ||
| 260 |
_aNew York : _bScholastic, _c2008. |
||
| 300 |
_a16 unnumbered pages : _bcolor illustrations ; _c20 cm . |
||
| 490 |
_a The Magic School Bus Phonics Reading Program _vBook 8 |
||
| 505 | _aD | ||
| 520 | _aMs. Frizzle's class flies kites and tries to catch up with one when the wind whisks it away. | ||
| 521 | 8 |
_a160
_bLexile estimate |
|
| 521 | 8 |
_aD
_bRaz-Plus |
|
| 650 |
_aphonics _vnon-fiction |
||
| 942 |
_2ddc _cBK _n0 |
||
| 999 |
_c3903 _d3903 |
||